FUNCTIONAL OCCLUTION FROM TMJ TO SMILE DESIGN (Record no. 3765)

MARC details
000 -LEADER
fixed length control field 00358nam a2200145Ia 4500
008 - FIXED-LENGTH DATA ELEMENTS--GENERAL INFORMATION
fixed length control field 150201s2007 xx 000 0 und d
082 ## - DEWEY DECIMAL CLASSIFICATION NUMBER
Classification number 617.525
Item number F2007D
100 ## - MAIN ENTRY--PERSONAL NAME
Personal name DAWSON
245 ## - TITLE STATEMENT
Title FUNCTIONAL OCCLUTION FROM TMJ TO SMILE DESIGN
250 ## - EDITION STATEMENT
Edition statement 1ST
260 ## - PUBLICATION, DISTRIBUTION, ETC. (IMPRINT)
Name of publisher, distributor, etc. MOSBY
Place of publication, distribution, etc. DELHI
Date of publication, distribution, etc. 2007
300 ## - PHYSICAL DESCRIPTION
Extent 1-630
650 ## - SUBJECT ADDED ENTRY--TOPICAL TERM
Topical term or geographic name as entry element PROSTHODONTICS
942 ## - ADDED ENTRY ELEMENTS (KOHA)
Source of classification or shelving scheme Dewey Decimal Classification
Koha item type Books
Koha issues (borrowed), all copies 1
Holdings
Withdrawn status Lost status Source of classification or shelving scheme Damaged status Not for loan Home library Current library Date acquired Source of acquisition Cost, normal purchase price Serial Enumeration / chronology SGTU Bill Number Total Checkouts Full call number Barcode Date last seen Date last checked out Bill Date Koha item type
    Dewey Decimal Classification     SGT Dental Library SGT Dental Library 22/12/2007 U.B.S.DELHI 6800.00 1 SGTU 821 5 617.525 F2007D FD4639 03/10/2025 01/09/2021 20/09/2012 Books
    Dewey Decimal Classification     SGT Dental Library SGT Dental Library 22/12/2007 U.B.S.DELHI 6800.00 1 SGTU 821 9 617.525 F2007D FD4640 25/10/2025 09/10/2025 20/09/2012 Books